Pokémon - Les attaques de Drattak - Statistiques

Statistiques générales
  • Ce quiz a été pris 43 fois
  • Le résultat moyen est 10 sur 16
Statistiques - réponses
Niveaux Types Noms des attaques % Correct
Départ Évolution Vol Vol
97%
Niveau 33 Dragon Draco-Griffe
91%
Niveau 55 Feu Lance-Flammes
84%
Niveau 25 Ténèbres Mâchouille
84%
Départ Ténèbres Morsure
84%
Niveau 64 Dragon Colère
81%
Départ Dragon Draco-Souffle
75%
Niveau 73 Normal Damoclès
72%
Départ Feu Flammèche
72%
Niveau 15 Normal Coup d'Boule
63%
Départ Normal Groz'Yeux
53%
Départ Dragon Draco-Queue
50%
Niveau 39 Psy Psykoud'Boul
50%
Niveau 20 Normal Grimace
31%
Niveau 46 Normal Puissance
28%
Départ Normal Abri
22%
Aucun quiz correspondant
Distribution des résultats
% des personnes avec chaque résultat
Percentile par nombre de réponses
Votre historique - résultats
Vous n’avez pas pris ce quiz